<O >que é a T.S.F. (Registo nº 26060)
[ vista simples ]
| 000 -Etiqueta do registo | |
|---|---|
| Valores | 00558nam a22002051 4500 |
| 090 ## - | |
| -- | 26060 |
| 100 ## - Dados gerais de processamento | |
| Dados gerais | 20040205d1974 m y0pory5003 ba |
| 102 ## - País de publicação | |
| -- | PT |
| 101 0# - Língua de publicação | |
| -- | por |
| 200 1# - Titulo e menção de responsabilidade | |
| Título próprio | <O >que é a T.S.F. |
| Primeira menção de responsabilidade | Manuel da Silva |
| 215 ## - Descrição física | |
| Paginação / Volumes | 105,6 p. |
| Outras indicações físicas | il. |
| Dimensões | 17 cm |
| 210 ## - Publicação | |
| Local de publicação | Lisboa |
| Nome do editor | Campanha Nacional de Educaçäo de Adultos |
| Data de publicação | [D.L. 1974] |
| 225 2# - Colecção | |
| Título próprio da colecção | Educativa. |
| Nome de parte ou secção | L |
| Indicação de volume | 1 |
| 675 ## - CDU | |
| Notação | 62 |
| Edição | med |
| Língua | por |
| 700 #1 - Autor principal (pessoa individual) | |
| Apelido | Silva |
| Nome | Manuel da |
| 930 ## - | |
| -- | BE/CRE |
| 999 ## - | |
| -- | Campanha Nacional de Educaçäo de Adultos |
| 990 ## - Elementos KOHA | |
| Tipo de documento | Livro |
| 995 ## - Localização e informação dos exemplares | |
| -- | 18 |
| Situação do levantamento | Estado | Biblioteca de origem | Biblioteca de empréstimo | Código de barras | Cota | Permissão de empréstimo | Tipo de documento |
|---|---|---|---|---|---|---|---|
| Completo | Biblioteca da Escola Básica e Secundária Dr Isidoro de Sousa | Biblioteca da Escola Básica e Secundária Dr Isidoro de Sousa | 4236EV | 087.5 SIL | Disponível | Livro |